Speaking of a Fabulous Ghost : (Record no. 603958)

MARC details
000 -LEADER
fixed length control field 00509nam a2200193 a 4500
008 - FIXED-LENGTH DATA ELEMENTS--GENERAL INFORMATION
fixed length control field 251218s2002##################000#0#eng##
020 ## - INTERNATIONAL STANDARD BOOK NUMBER
ISBN 9783631501665
082 04 - DEWEY DECIMAL CLASSIFICATION NUMBER
Classification number 234.096
Item number BRA
100 1# - MAIN ENTRY--AUTHOR NAME
Personal name Brand, Gerrit,
245 10 - TITLE STATEMENT
Title Speaking of a Fabulous Ghost :
260 ## - PUBLICATION, DISTRIBUTION, ETC. (IMPRINT)
Name of publisher Peter Lang Pub Incorporated,
Year of publication 2002.
300 ## - PHYSICAL DESCRIPTION
Number of Pages 251 pages
650 #0 - SUBJECT ADDED ENTRY--TOPICAL TERM
Topical Term Religion.
942 ## - ADDED ENTRY ELEMENTS (KOHA)
Koha item type English Books
Holdings
Withdrawn status Lost status Damaged status Not for loan Home library Current library Shelving location Date acquired Full call number Accession Number Price effective from Koha item type
        Anna Centenary Library Anna Centenary Library 3RD FLOOR, B WING 22.12.2025 234.096 BRA 221500 22.12.2025 English Books

Find us on the map